000 01831nam a2200241 a 4500
001 ASIN3836538997
003 OSt
005 20180116192424.0
008 140828s2013 xxu eng d
020 _a3836538997 (hardcover)
020 _a9783836538992 (hardcover)
040 _csada
082 _a724.7
_bJOD 2013
100 1 _aJodidio, Philip.
_97774
245 1 0 _aArchitecture now!.
_nVol. 9 /
_cPhilip Jodidio.
250 _aMul ed.
260 _a[S.l.] :
_bTaschen,
_c2013.
300 _a480 p. ;
_c29 cm.
520 _aThe living encyclopedia of architecture, part 9: The latest buildings around the globe—Brazil to Burkina Faso   Architecture Now! 9 includes works in Amsterdam and Inner Mongolia by architects as famous as Zaha Hadid and Jean Nouvel, and those as little known to the general public as Carla Juaçaba from Brazil. Small ephemeral buildings like the BMW Guggenheim Lab by Atelier Bow-Wow are included, as well as houses, movie theaters, fashion boutiques, and even an Opera Village in Burkina Faso . Wine and dine with Pritkzer Prize winner Thom Mayne of Morphosis; climb to the top of the Orbit, symbol of the 2012 London Olympics by artist Anish Kapoor and engineer Cecil Balmond; travel “Beyond Infinity” in a virtual environment created in Shanghai by French designer and artist Serge Salat. This is architecure. Now. About the series: For anyone interested in the zeitgeist and building design in the 21st century, the  Architecture Now!  series is an essential work of reference. Easy-to-navigate illustrated A–Z entries include current and recent projects, biographies, contact information, and websites.
650 _a Architecture, Modern
_y20th century.
_97775
856 4 0 _3Amazon.com
_uhttp://www.amazon.com/exec/obidos/ASIN/3836538997/chopaconline-20
942 _2ddc
_cBK
999 _c354009
_d354009